[Event "Quebec op"]
[Site "Montreal CAN"]
[Date "1988.07.27"]
[Round "4"]
[White "Barbeau, Sylvain"]
[Black "Leveille, Francois"]
[Result "1-0"]
[WhiteElo "2358"]
[BlackElo "2284"]
[PlyCount "83"]
[GameId "2160767912520493"]
[EventDate "1988.07.24"]
[EventType "swiss"]
[EventRounds "8"]
[EventCountry "CAN"]
[SourceTitle "FQE 03"]

1. e4 Nf6 2. Nc3 d5 3. exd5 Nxd5 4. Bc4 Nb6 5. Bb3 a5 6. Qf3 e6 7. a3 Nc6 8. Nge2 a4 9. Ba2 Ra5 10. d4 Nxd4 11. Nxd4 Qxd4 12. Be3 Qf6 13. Qxf6 gxf6 14. Ne4 Be7 15. Bxb6 cxb6 16. O-O-O Bd7 17. Nd6+ Bxd6 18. Rxd6 Bc6 19. Rhd1 Ke7 20. g3 Rh5 21. h4 Rc5 22. R6d4 b5 23. c3 f5 24. R1d3 Rg8 25. Kd2 e5 26. Rd6 Rg6 27. Rd8 f4 28. Rc8 Rf6 29. g4 e4 30. Rc7+ Kf8 31. Rd8+ Kg7 32. g5 Rff5 33. Be6 e3+ 34. Ke1 Bf3 35. Re7 Rfe5 36. Rdd7 Rxe6 37. Rxe6 Bc6 38. Rc7 exf2+ 39. Kxf2 f3 40. Rd6 Rc4 41. h5 h6 42. Rg6+ 1-0

[Event "Quebec op"]
[Site "Montreal CAN"]
[Date "1988.07.27"]
[Round "4"]
[White "Berube, Richard"]
[Black "Spraggett, Grant"]
[Result "1/2-1/2"]
[WhiteElo "2172"]
[BlackElo "2296"]
[PlyCount "95"]
[GameId "2160767912520494"]
[EventDate "1988.07.24"]
[EventType "swiss"]
[EventRounds "8"]
[EventCountry "CAN"]
[SourceTitle "FQE 03"]

1. e4 e5 2. Nf3 Nc6 3. Bb5 a6 4. Ba4 d6 5. O-O g6 6. c3 Bd7 7. d4 Bg7 8. Bg5 f6 9. Be3 Nh6 10. h3 Nf7 11. Nbd2 O-O 12. b4 Kh8 13. Bb3 Qe7 14. Rb1 Ncd8 15. Ne1 Ne6 16. Nd3 exd4 17. cxd4 Neg5 18. Nf4 c6 19. Bc2 Nh6 20. Rb3 f5 21. f3 b5 22. Qe1 Ne6 23. Nxe6 Bxe6 24. d5 Bg8 25. dxc6 Bxb3 26. Bxb3 fxe4 27. Nxe4 Nf5 28. Bf4 Be5 29. Bg5 Qc7 30. Bd5 h6 31. Bd2 Qg7 32. Qc1 Bb2 33. Qc2 Qe5 34. Kh1 Bd4 35. Qb3 Ne7 36. Nc3 Nf5 37. Nd1 Ng7 38. Nc3 Nf5 39. Ne4 Rac8 40. Rc1 Ng3+ 41. Nxg3 Qxg3 42. Bc3 Be5 43. Bxe5+ dxe5 44. Qe3 Qf4 45. Qxf4 Rxf4 46. c7 Rc4 47. Bxc4 Rxc7 48. Kg1 1/2-1/2

[Event "Quebec op"]
[Site "Montreal CAN"]
[Date "1988.07.27"]
[Round "4"]
[White "Billard, Michel"]
[Black "Zalys, Ignas"]
[Result "1-0"]
[WhiteElo "2040"]
[BlackElo "1895"]
[PlyCount "75"]
[GameId "2160767912520495"]
[EventDate "1988.07.24"]
[EventType "swiss"]
[EventRounds "8"]
[EventCountry "CAN"]
[SourceTitle "EXT 2002"]
[Source "ChessBase"]
[SourceDate "2001.11.25"]
[SourceVersion "1"]
[SourceVersionDate "2001.11.25"]
[SourceQuality "1"]

1. e4 c5 2. Nf3 Nc6 3. d4 cxd4 4. Nxd4 Nf6 5. Nc3 e5 6. Ndb5 d6 7. Bg5 a6 8. Na3 b5 9. Nd5 Be7 10. Bxf6 Bxf6 11. c3 O-O 12. Nc2 Bg5 13. h4 Bh6 14. g4 f6 15. Qf3 Be6 16. Bd3 Ne7 17. h5 Kh8 18. O-O Bg5 19. a4 Bxd5 20. exd5 Qb6 21. axb5 axb5 22. Nb4 g6 23. Rxa8 Rxa8 24. Nc6 Nxc6 25. dxc6 gxh5 26. gxh5 Bf4 27. Kh1 Rc8 28. Be4 f5 29. Bd5 Qd8 30. Qh3 Qf6 31. Ra1 e4 32. Ra7 Rf8 33. c7 Qe5 34. Ra8 Rxa8 35. Bxa8 Qc5 36. Qh4 Qxc7 37. Qxf4 Qa7 38. Bxe4 1-0

[Event "Quebec op"]
[Site "Montreal CAN"]
[Date "1988.07.27"]
[Round "4"]
[White "De Lagrave, Sylvain"]
[Black "Bolduc, Steve"]
[Result "0-1"]
[WhiteElo "1921"]
[BlackElo "2076"]
[PlyCount "34"]
[GameId "2160767912520496"]
[EventDate "1988.07.24"]
[EventType "swiss"]
[EventRounds "8"]
[EventCountry "CAN"]
[SourceTitle "EXT 2022"]
[Source "ChessBase"]
[SourceDate "2021.10.06"]
[SourceVersion "1"]
[SourceVersionDate "2021.10.06"]
[SourceQuality "1"]

1. e4 c5 2. Nf3 Nf6 3. e5 Nd5 4. Nc3 e6 5. d4 Nc6 6. Nxd5 exd5 7. dxc5 Bxc5 8. Be2 d6 9. exd6 Qxd6 10. c3 O-O 11. O-O Bf5 12. Bg5 Rfe8 13. Re1 Be4 14. Bd3 Qg6 15. Bxe4 dxe4 16. Qd5 exf3 17. Qxc5 h6 0-1

[Event "Quebec op"]
[Site "Montreal CAN"]
[Date "1988.07.27"]
[Round "4"]
[White "Morin, Louis"]
[Black "Roy, Alain"]
[Result "1/2-1/2"]
[WhiteElo "1865"]
[BlackElo "2109"]
[PlyCount "86"]
[GameId "2160767912520498"]
[EventDate "1988.07.24"]
[EventType "swiss"]
[EventRounds "8"]
[EventCountry "CAN"]
[SourceTitle "FQE 03"]

1. e4 d6 2. d4 Nf6 3. Nc3 g6 4. f4 Bg7 5. Nf3 O-O 6. Bd3 Nc6 7. e5 Ne8 8. O-O Bg4 9. Be3 Nb4 10. h3 Bxf3 11. Rxf3 Nxd3 12. Qxd3 c5 13. Rd1 cxd4 14. Bxd4 dxe5 15. Bxe5 Qb6+ 16. Bd4 Bxd4+ 17. Qxd4 Qxb2 18. Rb1 Qxc2 19. Rf2 Qf5 20. Rxb7 e6 21. Rd2 h5 22. Ne4 Rc8 23. Rd1 Qxf4 24. Rf1 e5 25. Qxa7 Rc1 26. Ng3 Rxf1+ 27. Nxf1 Nd6 28. Rb3 Nf5 29. a4 Nd4 30. Rb1 Qe4 31. Ra1 Ne2+ 32. Kh1 Nf4 33. Qf2 Nxh3 34. Qe3 Qxe3 35. Nxe3 Nf4 36. a5 Ne6 37. Nd5 Rd8 38. Ne7+ Kf8 39. Nc6 Ra8 40. Nxe5 Kg7 41. a6 Nc7 42. a7 Nb5 43. Nc6 Nxa7 1/2-1/2

[Event "Quebec op"]
[Site "Montreal CAN"]
[Date "1988.07.27"]
[Round "4"]
[White "Morin, Yves"]
[Black "Ross, Dave"]
[Result "1/2-1/2"]
[WhiteElo "2221"]
[BlackElo "2244"]
[PlyCount "35"]
[GameId "2160767912520499"]
[EventDate "1988.07.24"]
[EventType "swiss"]
[EventRounds "8"]
[EventCountry "CAN"]
[SourceTitle "EXT 2022"]
[Source "ChessBase"]
[SourceDate "2021.10.06"]
[SourceVersion "1"]
[SourceVersionDate "2021.10.06"]
[SourceQuality "1"]

1. e4 c5 2. Nc3 e6 3. g3 d5 4. d3 Nc6 5. Bg2 Nf6 6. exd5 exd5 7. Nge2 d4 8. Ne4 Nxe4 9. Bxe4 Bd7 10. Nf4 Bd6 11. O-O O-O 12. Qh5 g6 13. Nxg6 hxg6 14. Bxg6 fxg6 15. Qxg6+ Kh8 16. Qh6+ Kg8 17. Qg6+ Kh8 18. Qh6+ 1/2-1/2

[Event "Quebec op"]
[Site "Montreal CAN"]
[Date "1988.07.28"]
[Round "5"]
[White "Benson, Daniel"]
[Black "Ber, Yves"]
[Result "1/2-1/2"]
[WhiteElo "1838"]
[BlackElo "2002"]
[PlyCount "138"]
[GameId "2160767912520500"]
[EventDate "1988.07.24"]
[EventType "swiss"]
[EventRounds "8"]
[EventCountry "CAN"]
[SourceTitle "FQE 03"]

1. e4 d6 2. Nc3 Nf6 3. Nf3 g6 4. g3 Bg7 5. Bg2 O-O 6. O-O Nc6 7. d3 Bg4 8. h3 Bd7 9. Be3 Re8 10. Qd2 e5 11. Bg5 Qc8 12. Kh2 Nd8 13. Bh6 Bh8 14. Nh4 Ne6 15. Ne2 Nh5 16. c3 Bg7 17. Be3 Qd8 18. Rad1 a5 19. Bh6 a4 20. Bf3 Nf6 21. Bg2 Bxh6 22. Qxh6 Kh8 23. Qd2 Nh5 24. d4 Bb5 25. Rfe1 Bxe2 26. Rxe2 Qe7 27. Nf3 f6 28. Ree1 Red8 29. Qc2 Nhg7 30. Bf1 Qe8 31. Kg2 h6 32. Bd3 c6 33. Qc1 Kh7 34. Bc2 Nc7 35. Nh2 h5 36. f4 b5 37. Nf3 Nce6 38. dxe5 dxe5 39. fxe5 fxe5 40. Nxe5 c5 41. a3 Rxd1 42. Rxd1 Qe7 43. Rd7 Qg5 44. Qxg5 Nxg5 45. Nf7 Nxf7 46. Rxf7 Rd8 47. Kf1 Kg8 48. Rf2 Ne6 49. Ke2 Kg7 50. Ke3 Ng5 51. h4 Nf7 52. Rd2 Rxd2 53. Kxd2 Kf6 54. Bd1 Ke5 55. Ke3 Nd6 56. Be2 Nxe4 57. Bxb5 Nxg3 58. Bxa4 Nf5+ 59. Kf2 Nxh4 60. Be8 Kf6 61. b4 Nf5 62. b5 Nd6 63. b6 Ke7 64. Bxg6 Kd7 65. Bxh5 Kc6 66. b7 Kxb7 67. Bf3+ Kb6 68. a4 Nc4 69. Ke2 Nb2 1/2-1/2

[Event "Quebec op"]
[Site "Montreal CAN"]
[Date "1988.07.28"]
[Round "5"]
[White "Bergeron, Marc"]
[Black "Zalys, Ignas"]
[Result "0-1"]
[WhiteElo "1795"]
[BlackElo "1895"]
[PlyCount "130"]
[GameId "2160767912520501"]
[EventDate "1988.07.24"]
[EventType "swiss"]
[EventRounds "8"]
[EventCountry "CAN"]
[SourceTitle "EXT 2002"]
[Source "ChessBase"]
[SourceDate "2001.11.25"]
[SourceVersion "1"]
[SourceVersionDate "2001.11.25"]
[SourceQuality "1"]

1. a3 g6 2. e4 Bg7 3. d4 d6 4. f4 c6 5. Nf3 Bg4 6. c3 Nd7 7. Nbd2 e5 8. h3 Bxf3 9. Nxf3 Ne7 10. Bd3 Qc7 11. Be3 c5 12. Qe2 Rc8 13. fxe5 dxe5 14. d5 c4 15. Bc2 Nb6 16. Rd1 Rd8 17. O-O O-O 18. Rd2 Nec8 19. Rfd1 Nd6 20. a4 Nd7 21. g4 h6 22. Bf2 Rc8 23. Bg3 Qb6+ 24. Bf2 Qxb2 25. Qe3 Qa3 26. Rb1 Qc5 27. Qe2 Qc7 28. Rdd1 Rfe8 29. Nd2 b6 30. Rb4 Bf8 31. Qf3 a5 32. Rb2 Nb7 33. Rf1 Nd8 34. Rb5 Bc5 35. Bxc5 Nxc5 36. Rfb1 Nd7 37. Bd1 Nb7 38. Be2 Nd6 39. Rf1 Rf8 40. Rbb1 Qd8 41. Qe3 Qg5 42. Qxg5 hxg5 43. Bd1 Kg7 44. Bc2 Rh8 45. Kg2 Rb8 46. Rf3 Rhc8 47. Rb2 Rc5 48. Rf1 Rc7 49. Rfb1 Rcb7 50. Nf3 f6 51. Nd2 Kf8 52. Rf1 Ke7 53. Ra2 Kd8 54. Rfa1 Kc7 55. Kf3 b5 56. axb5 Rxb5 57. Rxa5 Rxa5 58. Rxa5 Rb2 59. Ra7+ Kd8 60. Ba4 Nb6 61. Ke3 Ra2 62. Ra6 Kc7 63. Rxb6 Kxb6 64. Bd1 Kc5 65. Bf3 Rc2 0-1

[Event "Quebec op"]
[Site "Montreal CAN"]
[Date "1988.07.28"]
[Round "5"]
[White "Bolduc, Steve"]
[Black "Levtchouk, George"]
[Result "0-1"]
[WhiteElo "2076"]
[BlackElo "2317"]
[PlyCount "150"]
[GameId "2160767912520502"]
[EventDate "1988.07.24"]
[EventType "swiss"]
[EventRounds "8"]
[EventCountry "CAN"]
[SourceTitle "hb 2011"]

1. e4 g6 2. d4 Bg7 3. Nf3 d6 4. Nc3 a6 5. a4 b6 6. Bc4 e6 7. Bg5 Ne7 8. Qd2 h6 9. Be3 Bb7 10. O-O Nd7 11. b4 Nf6 12. d5 e5 13. h3 Nd7 14. Nh4 Bf6 15. Nf3 Bg7 16. Nh4 Ng8 17. g3 Ngf6 18. Be2 Qe7 19. Bf3 Kf8 20. Na2 Kg8 21. c4 a5 22. Rfb1 Kh7 23. Qc2 axb4 24. Nxb4 Nc5 25. a5 bxa5 26. Bxc5 dxc5 27. Nd3 Bc8 28. Bg2 Bd7 29. Qd2 a4 30. Qe3 Ra5 31. Nf3 Ne8 32. Nd2 Nd6 33. Qe1 Rha8 34. Nb3 R5a7 35. Nbxc5 Nxc4 36. Qc3 Nb6 37. Ra3 Be8 38. Qc2 Bf8 39. f4 Ra5 40. Rc3 R8a7 41. fxe5 Bg7 42. Ra3 Bxe5 43. Nxe5 Qxe5 44. Qf2 Qd6 45. Rc1 Qe5 46. Nd3 Qe7 47. Nc5 Nd7 48. Nxd7 Bxd7 49. Rcc3 Be8 50. Qd4 f6 51. Bf1 Rb7 52. Rf3 Kg7 53. Qf2 Qe5 54. Ra2 Rb1 55. Kh2 Ra8 56. Bd3 Rb4 57. Qc5 Rab8 58. Raf2 Rb2 59. Bc2 R2b6 60. Qa3 Ra8 61. Rc3 Rab8 62. Qc5 R8b7 63. Bd3 Rb2 64. Rxb2 Rxb2+ 65. Rc2 Rxc2+ 66. Bxc2 h5 67. h4 g5 68. Kg2 Bg6 69. Kf2 gxh4 70. gxh4 a3 71. Bb1 Qb2+ 72. Bc2 a2 73. Qxc7+ Bf7 74. Qg3+ Kh8 75. Qc7 a1=Q 0-1

[Event "Quebec op"]
[Site "Montreal CAN"]
[Date "1988.07.28"]
[Round "5"]
[White "Klarner, William"]
[Black "Berube, Richard"]
[Result "1-0"]
[WhiteElo "2235"]
[BlackElo "2172"]
[PlyCount "79"]
[GameId "2160767912520503"]
[EventDate "1988.07.24"]
[EventType "swiss"]
[EventRounds "8"]
[EventCountry "CAN"]
[SourceTitle "EXT 2022"]
[Source "ChessBase"]
[SourceDate "2021.10.06"]
[SourceVersion "1"]
[SourceVersionDate "2021.10.06"]
[SourceQuality "1"]

1. Nf3 Nf6 2. c4 e6 3. g3 b6 4. d4 Ba6 5. b3 Bb4+ 6. Bd2 Be7 7. Nc3 d5 8. cxd5 exd5 9. Bg2 O-O 10. O-O c5 11. Be3 Bb7 12. Rc1 Na6 13. Ne5 Re8 14. Bh3 Bd6 15. Nf3 Nc7 16. Na4 c4 17. Qc2 b5 18. Nc5 Bxc5 19. dxc5 Bc8 20. Bg2 Rxe3 21. fxe3 Qe7 22. Qc3 Qxc5 23. Ng5 h6 24. Nf3 Bg4 25. Ne5 b4 26. Qd4 Qxd4 27. exd4 cxb3 28. axb3 Nb5 29. Rxf6 gxf6 30. Nxg4 Nxd4 31. Nxf6+ Kf8 32. Kf2 Nxb3 33. Rb1 Nc5 34. Rxb4 a5 35. Rb5 Na4 36. Nxd5 Ra7 37. Ke3 Kg7 38. Kd4 Ra8 39. Be4 Re8 40. Rxa5 1-0

[Event "Quebec op"]
[Site "Montreal CAN"]
[Date "1988.07.28"]
[Round "5"]
[White "Labelle, Jacques"]
[Black "Beaudry, Marc-Andre"]
[Result "1-0"]
[WhiteElo "2093"]
[BlackElo "1953"]
[PlyCount "69"]
[GameId "2160767912520504"]
[EventDate "1988.07.24"]
[EventType "swiss"]
[EventRounds "8"]
[EventCountry "CAN"]

1. e4 c5 2. Nf3 Nf6 3. e5 Nd5 4. Nc3 e6 5. g3 Nxc3 6. bxc3 d5 7. exd6 Bxd6 8. Bg2 Nc6 9. O-O O-O 10. d3 Qd7 11. Ng5 b6 12. Qf3 Bb7 13. Qe4 g6 14. Qh4 f6 15. Ne4 Be7 16. Bd2 e5 17. Rfe1 Rad8 18. Bh6 Rf7 19. Bh3 f5 20. Bg5 Bxg5 21. Nxg5 Re7 22. Bg2 Na5 23. Bxb7 Qxb7 24. Nxh7 Rd6 25. Ng5 c4 26. Re3 Qc7 27. Rae1 Rdd7 28. Nf3 cxd3 29. cxd3 Nc6 30. Qc4+ Kg7 31. Ng5 Qd6 32. d4 exd4 33. Rxe7+ Rxe7 34. Rxe7+ Qxe7 35. Qxc6 1-0

[Event "Quebec op"]
[Site "Montreal CAN"]
[Date "1988.07.28"]
[Round "5"]
[White "Leveille, Francois"]
[Black "Morin, Yves"]
[Result "1-0"]
[WhiteElo "2284"]
[BlackElo "2221"]
[PlyCount "79"]
[GameId "2160767912520505"]
[EventDate "1988.07.24"]
[EventType "swiss"]
[EventRounds "8"]
[EventCountry "CAN"]
[SourceTitle "FQE 03"]

1. e4 e6 2. d4 d5 3. Nc3 Bb4 4. e5 Ne7 5. a3 Bxc3+ 6. bxc3 c5 7. Qg4 Qc7 8. Qxg7 Rg8 9. Qxh7 cxd4 10. Kd1 Bd7 11. Nf3 Ba4 12. cxd4 Nd7 13. Ng5 Rxg5 14. Bxg5 Qc3 15. Rc1 Qxd4+ 16. Bd2 Rc8 17. Qh8+ Nf8 18. Qh3 Nfg6 19. Qe3 Qb2 20. Bd3 Nxe5 21. Re1 Nxd3 22. Qxd3 Nc6 23. Qg3 Ne7 24. Qd3 Nc6 25. Qc3 Qb6 26. Qh8+ Kd7 27. Qf6 Ne7 28. Bb4 Re8 29. Qxf7 a5 30. Bd2 Rc8 31. Re3 d4 32. Rd3 Qc5 33. Ke1 Bb5 34. Qf6 Nc6 35. Rg3 Re8 36. f4 Qh5 37. Qg7+ Re7 38. Qg4 Qh7 39. Kf2 Qe4 40. Kg1 1-0

[Event "Quebec op"]
[Site "Montreal CAN"]
[Date "1988.07.28"]
[Round "5"]
[White "Morin, Louis"]
[Black "Vallieres, Mario"]
[Result "1/2-1/2"]
[WhiteElo "1865"]
[BlackElo "2005"]
[PlyCount "40"]
[GameId "2160767912520506"]
[EventDate "1988.07.24"]
[EventType "swiss"]
[EventRounds "8"]
[EventCountry "CAN"]
[SourceTitle "hb 2013"]

1. e4 e6 2. d4 d5 3. e5 c5 4. c3 Nc6 5. Nf3 Qb6 6. Be2 cxd4 7. cxd4 Nge7 8. Nc3 Nf5 9. Na4 Qa5+ 10. Bd2 Bb4 11. Bc3 Bd7 12. a3 Bxc3+ 13. Nxc3 Rc8 14. O-O Qd8 15. g4 Nh6 16. Nb5 O-O 17. Nd6 Rc7 18. Nb5 Rc8 19. Nd6 Rc7 20. Nb5 Rc8 1/2-1/2

[Event "Quebec op"]
[Site "Montreal CAN"]
[Date "1988.07.28"]
[Round "5"]
[White "Roy, Alain"]
[Black "Deslongchamps, Denis"]
[Result "1/2-1/2"]
[WhiteElo "2109"]
[BlackElo "1916"]
[PlyCount "78"]
[GameId "2160767912520507"]
[EventDate "1988.07.24"]
[EventType "swiss"]
[EventRounds "8"]
[EventCountry "CAN"]
[SourceTitle "FQE 03"]

1. Nf3 Nf6 2. c4 g6 3. Nc3 Bg7 4. e4 d6 5. d4 O-O 6. Be2 Nbd7 7. O-O e5 8. d5 Nc5 9. Qc2 a5 10. Ne1 Ne8 11. Nd3 f5 12. Nxc5 dxc5 13. a3 Nd6 14. f3 Bd7 15. b3 Qh4 16. Be3 b6 17. Rab1 Bh6 18. Bf2 Qg5 19. Kh1 Rf7 20. b4 axb4 21. axb4 fxe4 22. Nxe4 Nxe4 23. fxe4 Raf8 24. Bf3 cxb4 25. Bg3 Bg4 26. Qe2 Bxf3 27. Rxf3 Rxf3 28. gxf3 Qh5 29. Kg2 Bf4 30. Bxf4 Rxf4 31. Rxb4 Rh4 32. Kh1 Rf4 33. Rb3 Qh3 34. Rc3 Rxe4 35. fxe4 Qxc3 36. Qg4 Qxc4 37. Qe6+ Kf8 38. Qf6+ Kg8 39. Qe6+ Kf8 1/2-1/2

[Event "Quebec op"]
[Site "Montreal CAN"]
[Date "1998.07.28"]
[Round "5"]
[White "Barbeau, Sylvain"]
[Black "Desforges, Jean"]
[Result "1-0"]
[WhiteElo "2358"]
[BlackElo "2106"]
[PlyCount "77"]
[GameId "2160767912520509"]
[EventDate "1988.07.24"]
[EventType "swiss"]
[EventRounds "8"]
[EventCountry "CAN"]
[SourceTitle "FQE 03"]

1. d4 d5 2. c4 dxc4 3. Nf3 Nf6 4. e3 Bg4 5. Bxc4 e6 6. h3 Bh5 7. Nc3 Nbd7 8. O-O Bd6 9. e4 e5 10. g4 Bg6 11. dxe5 Nxe5 12. Nxe5 Bxe5 13. f4 Qd4+ 14. Qxd4 Bxd4+ 15. Kh2 Bxc3 16. bxc3 Bxe4 17. g5 Bd5 18. Re1+ Kf8 19. Bd3 Ne8 20. Ba3+ Nd6 21. Re5 Bc6 22. Rae1 Re8 23. c4 b6 24. c5 bxc5 25. Bxc5 f6 26. Rxe8+ Bxe8 27. gxf6 gxf6 28. Bxa7 Bg6 29. Bf1 Be4 30. Bb8 f5 31. Bxc7 Ke7 32. Rd1 Ne8 33. Bd8+ Kf8 34. Bc4 Bc6 35. Be6 h5 36. Bxf5 Rh6 37. Bg5 Rd6 38. Rxd6 Nxd6 39. Bg6 1-0

[Event "Quebec op"]
[Site "Montreal CAN"]
[Date "1988.07.29"]
[Round "6"]
[White "Beaudry, Marc-Andre"]
[Black "Deslongchamps, Denis"]
[Result "1-0"]
[WhiteElo "1953"]
[BlackElo "1917"]
[PlyCount "75"]
[GameId "2160767912520510"]
[EventDate "1988.07.24"]
[EventType "swiss"]
[EventRounds "8"]
[EventCountry "CAN"]

1. c4 Nf6 2. Nc3 g6 3. e4 d6 4. d4 Bg7 5. f3 c6 6. Be3 a6 7. Bd3 b5 8. Nge2 O-O 9. Qd2 e5 10. O-O Nbd7 11. Rfd1 Qe7 12. Rac1 Bb7 13. a3 Rac8 14. cxb5 cxb5 15. d5 Ne8 16. b4 f5 17. a4 fxe4 18. fxe4 bxa4 19. Nxa4 Nef6 20. h3 Nh5 21. Rxc8 Rxc8 22. Rc1 Qd8 23. Rxc8 Qxc8 24. Qc2 Qxc2 25. Bxc2 Bf8 26. Nc1 Be7 27. Nb3 Bd8 28. Na5 Bxa5 29. bxa5 Nhf6 30. Kf2 Kf7 31. Kf3 h5 32. Nb6 Ke7 33. Ba4 Nb8 34. Bg5 Kf7 35. Nc4 Nh7 36. Nxd6+ Kg7 37. Bd8 Ba8 38. Bc7 1-0

[Event "Quebec op"]
[Site "Montreal CAN"]
[Date "1988.07.29"]
[Round "6"]
[White "Berube, Richard"]
[Black "Ber, Yves"]
[Result "1-0"]
[WhiteElo "2172"]
[BlackElo "2002"]
[PlyCount "109"]
[GameId "2160767912520511"]
[EventDate "1988.07.24"]
[EventType "swiss"]
[EventRounds "8"]
[EventCountry "CAN"]
[SourceTitle "FQE 03"]

1. d4 Nf6 2. Nf3 g6 3. c4 Bg7 4. Nc3 O-O 5. e4 d6 6. Be2 a6 7. O-O b5 8. cxb5 axb5 9. Bxb5 Ba6 10. Bxa6 Nxa6 11. Qe2 c6 12. Bg5 Nd7 13. e5 d5 14. e6 Ndb8 15. exf7+ Rxf7 16. Rfe1 Bf6 17. Rac1 Ra7 18. Bh6 Bg7 19. Bxg7 Kxg7 20. Ng5 Rf6 21. Ne6+ Rxe6 22. Qxe6 Qd7 23. Qe5+ Kg8 24. a3 Qd6 25. Qxd6 exd6 26. Re6 Rd7 27. Rce1 Kf7 28. Na4 Nc7 29. R6e3 Nb5 30. Nb6 Rc7 31. Rf3+ Kg7 32. Rd3 Na6 33. a4 Nb4 34. Rd2 Na7 35. Re8 Kf7 36. Rb8 Na6 37. Rh8 Kf6 38. Re2 Rb7 39. a5 Nb5 40. Rd2 Nac7 41. Rxh7 g5 42. Na8 Ra7 43. Nxc7 Nxc7 44. b4 c5 45. dxc5 dxc5 46. bxc5 Rxa5 47. h4 Rxc5 48. hxg5+ Kxg5 49. Rxc7 Rxc7 50. Rxd5+ Kg4 51. Rd4+ Kg5 52. g3 Kh5 53. Kg2 Rc3 54. Rd5+ Kg6 55. g4 1-0

[Event "Quebec op"]
[Site "Montreal CAN"]
[Date "1988.07.29"]
[Round "6"]
[White "Bolduc, Steve"]
[Black "Spraggett, Grant"]
[Result "0-1"]
[WhiteElo "2076"]
[BlackElo "2296"]
[PlyCount "56"]
[GameId "2160767912520512"]
[EventDate "1988.07.24"]
[EventType "swiss"]
[EventRounds "8"]
[EventCountry "CAN"]
[SourceTitle "FQE 03"]

1. e4 e5 2. d4 exd4 3. Qxd4 Nc6 4. Qa4 Bc5 5. Nf3 Nge7 6. Bc4 O-O 7. Bg5 h6 8. Bh4 d6 9. c3 Bd7 10. Qc2 Qe8 11. Nbd2 d5 12. exd5 Bf5 13. Ne4 Ng6 14. Nfd2 Nce5 15. Be2 Nxh4 16. O-O-O Bxf2 17. g3 Bxe4 18. Qxe4 Nhg6 19. Rhf1 f5 20. Qc2 Ng4 21. Nc4 b5 22. Bxg4 fxg4 23. Rxf2 Rxf2 24. Qxf2 bxc4 25. Kb1 Qe4+ 26. Ka1 Ne5 27. Re1 Qxd5 28. Qf5 Re8 0-1

[Event "Quebec op"]
[Site "Montreal CAN"]
[Date "1988.07.29"]
[Round "6"]
[White "Klarner, William"]
[Black "Barbeau, Sylvain"]
[Result "0-1"]
[WhiteElo "2181"]
[BlackElo "2358"]
[PlyCount "80"]
[GameId "2160767912520514"]
[EventDate "1988.07.24"]
[EventType "swiss"]
[EventRounds "8"]
[EventCountry "CAN"]
[SourceTitle "EXT 2022"]
[Source "ChessBase"]
[SourceDate "2021.10.06"]
[SourceVersion "1"]
[SourceVersionDate "2021.10.06"]
[SourceQuality "1"]

1. b3 c5 2. Bb2 b6 3. Nf3 Bb7 4. e3 Nf6 5. Be2 e6 6. O-O Be7 7. d3 O-O 8. Nbd2 Nc6 9. c4 d6 10. a3 a6 11. d4 Qc7 12. Bd3 Rad8 13. Qe2 Rfe8 14. Rac1 Qb8 15. Rfd1 Qa8 16. Bb1 Nb8 17. e4 cxd4 18. Bxd4 Nbd7 19. b4 a5 20. h3 Bf8 21. Qe3 axb4 22. axb4 Rc8 23. Bc3 e5 24. Bc2 b5 25. Ra1 Qb8 26. Qe2 bxc4 27. Nxc4 Qc7 28. Nfd2 d5 29. exd5 Nxd5 30. Bb2 Nf4 31. Qe3 Bxb4 32. Ba4 Bc5 33. Qb3 Bd5 34. Qc2 Bd4 35. Bxd4 Ne2+ 36. Kh1 Nxd4 37. Qd3 Nc5 38. Qe3 Nxa4 39. Rxa4 Bxg2+ 40. Kxg2 Qc6+ 0-1

[Event "Quebec op"]
[Site "Montreal CAN"]
[Date "1988.07.29"]
[Round "6"]
[White "Leveille, Francois"]
[Black "Ross, Dave"]
[Result "0-1"]
[WhiteElo "2284"]
[BlackElo "2244"]
[PlyCount "116"]
[GameId "2160767912520515"]
[EventDate "1988.07.24"]
[EventType "swiss"]
[EventRounds "8"]
[EventCountry "CAN"]
[SourceTitle "EXT 2022"]
[Source "ChessBase"]
[SourceDate "2021.10.06"]
[SourceVersion "1"]
[SourceVersionDate "2021.10.06"]
[SourceQuality "1"]

1. e4 c5 2. Nf3 e6 3. d4 cxd4 4. Nxd4 Nf6 5. Nc3 Nc6 6. g3 d6 7. Bg2 Bd7 8. O-O a6 9. h3 Be7 10. a4 Qc7 11. Kh1 O-O 12. Nde2 Rab8 13. g4 Rfd8 14. Ng3 b5 15. axb5 axb5 16. g5 Ne8 17. f4 b4 18. Nce2 g6 19. b3 Bf8 20. Bb2 Ne7 21. f5 exf5 22. exf5 Nxf5 23. Nxf5 Bxf5 24. Rxf5 gxf5 25. Nf4 d5 26. Nxd5 Qg3 27. Qd4 Bg7 28. Ne7+ Kf8 29. Qc5 Qd6 30. Bxg7+ Nxg7 31. Qxd6 Rxd6 32. Nc6 Re8 33. Nxb4 Rd2 34. Kg1 Ne6 35. Rf1 Nd4 36. c4 Ree2 37. Bd5 Nxb3 38. Nc6 Kg7 39. Rxf5 Re1+ 40. Rf1 Rxf1+ 41. Kxf1 f6 42. h4 Rh2 43. Kg1 Rxh4 44. gxf6+ Kxf6 45. Kg2 Rf4 46. Kg3 Rf1 47. Kg4 Rf2 48. Kg3 Rc2 49. Kf4 Rc1 50. Ke4 h5 51. Nb4 Kg5 52. Nd3 Rc2 53. Ke3 h4 54. Nf2 Rc3+ 55. Ke2 Kf4 56. Nd1 Rc2+ 57. Ke1 Na5 58. Nf2 Nxc4 0-1

[Event "Quebec op"]
[Site "Montreal CAN"]
[Date "1988.07.29"]
[Round "6"]
[White "Levtchouk, George"]
[Black "Labelle, Jacques"]
[Result "1-0"]
[WhiteElo "2317"]
[BlackElo "2094"]
[PlyCount "51"]
[GameId "2160767912520516"]
[EventDate "1988.07.24"]
[EventType "swiss"]
[EventRounds "8"]
[EventCountry "CAN"]
[SourceTitle "FQE 03"]

1. d4 Nf6 2. c4 e6 3. Nf3 d5 4. Nc3 Be7 5. cxd5 exd5 6. Bf4 c6 7. Qc2 O-O 8. e3 Re8 9. Bd3 Nbd7 10. g4 Nf8 11. h3 b6 12. O-O-O Bb7 13. Kb1 Rc8 14. Rhg1 Bb4 15. Bf5 Ra8 16. g5 Nh5 17. Be5 g6 18. Bg4 Ng7 19. h4 Bc8 20. Nh2 Bf5 21. Bxf5 Nxf5 22. h5 Nd7 23. hxg6 fxg6 24. Ng4 Bf8 25. e4 dxe4 26. Qb3+ 1-0

[Event "Quebec op"]
[Site "Montreal CAN"]
[Date "1988.07.29"]
[Round "6"]
[White "Marquis, Paul"]
[Black "Desjardins, Andre"]
[Result "1-0"]
[WhiteElo "1863"]
[BlackElo "1921"]
[PlyCount "113"]
[GameId "2160767912520517"]
[EventDate "1988.07.24"]
[EventType "swiss"]
[EventRounds "8"]
[EventCountry "CAN"]
[SourceTitle "FQE 03"]

1. d4 Nf6 2. c4 g6 3. Nc3 d5 4. cxd5 Nxd5 5. e4 Nxc3 6. bxc3 Bg7 7. Bc4 O-O 8. Ne2 Nc6 9. O-O b6 10. Be3 Bb7 11. Qd2 Na5 12. Bd3 e6 13. Rac1 Qd7 14. c4 Nc6 15. d5 Ne5 16. f4 Nxd3 17. Qxd3 f5 18. e5 exd5 19. Rfd1 c6 20. Nc3 Rfd8 21. cxd5 cxd5 22. Nb5 Bc6 23. a4 Bf8 24. Qb3 Bxb5 25. axb5 Rac8 26. Rxc8 Rxc8 27. Rxd5 Qe6 28. Qd3 Rc3 29. Qxc3 Qxd5 30. Qc6 Qd3 31. Kf2 Kf7 32. Qc7+ Be7 33. Qxa7 Qxb5 34. Qxb6 Qc4 35. Qd4 Qa2+ 36. Qd2 Qc4 37. Qb2 h5 38. Qd4 Qc2+ 39. Qd2 Qc4 40. Qd7 h4 41. h3 Qb3 42. Qa7 Qb1 43. Qb6 Qd1 44. e6+ Kg7 45. Bd4+ Kh6 46. Qb2 Kh7 47. Qc3 Kh6 48. Bh8 Kh5 49. Qf3+ Qxf3+ 50. Kxf3 g5 51. Be5 g4+ 52. Ke3 Kg6 53. Kd4 Kh7 54. Kd5 Kg8 55. Kc6 Kf8 56. Kd7 gxh3 57. gxh3 1-0